The English Housing Survey 2023: (Record no. 121627)
[ view plain ]
| 000 -LEADER | |
|---|---|
| fixed length control field | 01266nam a22001937a 4500 |
| 008 - FIXED-LENGTH DATA ELEMENTS--GENERAL INFORMATION | |
| fixed length control field | 160218e20230720xxk|||||o|||| 00| 0 eng d |
| 041 ## - LANGUAGE CODE | |
| Language code of text/sound track or separate title | eng |
| 110 ## - MAIN ENTRY--CORPORATE NAME | |
| Corporate author | Royal Institution of Chartered Surveyors |
| 245 ## - TITLE STATEMENT | |
| Title | The English Housing Survey 2023: |
| Subtitle | RICS Analysis |
| Medium | [Electronic resource] |
| 260 ## - PUBLICATION INFORMATION | |
| Place of publication | London, |
| Publisher | Royal Institution of Chartered Surveyors, |
| Date | 20 July 2023 |
| 520 ## - ABSTRACT | |
| Abstract | The results of the latest English Housing Survey demonstrate why it is important that we continue to drive up standards and quality, while also addressing affordability and the essential requirement to create low-carbon, energy-efficient homes. The annual English Housing Survey explores a range of metrics to evaluate the condition of the sector, and this year surveyed almost 10,000 households on a range of matters including housing satisfaction, energy efficiency and affordability. |
| 650 ## - KEYWORDS | |
| Keywords | HOUSING |
| 651 ## - SUBJECT ADDED ENTRY--GEOGRAPHIC NAME | |
| Geographic name | England |
| 690 ## - BROAD SUBJECT | |
| 9 (RLIN) | 6266 |
| Broad subject | Residential property |
| 710 ## - ADDED CORPORATE NAME | |
| Added corporate author | Royal Institution of Chartered Surveyors |
| 856 ## - ONLINE RESOURCE | |
| Uniform Resource Identifier | <a href="https://www.rics.org/news-insights/english-housing-survey-2023">https://www.rics.org/news-insights/english-housing-survey-2023</a> |
| Public note | Summary free on RICS.org |
| 856 ## - ONLINE RESOURCE | |
| Uniform Resource Identifier | <a href="https://www.gov.uk/government/collections/english-housing-survey">https://www.gov.uk/government/collections/english-housing-survey</a> |
| Public note | UK Government full data set of English Housing Survey |
| 942 ## - ADDED ENTRY ELEMENTS (KOHA) | |
| Suppress in OPAC | Do not suppress in OPAC |
| Lost status | Damaged status | Not for loan | Current library | Shelving location | Date acquired | Total Checkouts | Full call number | Date last seen | Price effective from | Koha item type |
|---|---|---|---|---|---|---|---|---|---|---|
| Virtual | Online | 21/07/2023 | ONLINE PUBLICATION | 21/07/2023 | 21/07/2023 | Online material |